{"text_format":"3","workbook":"xlsx","n_sheets":1,"sheets":["t449"],"read":"whole","date_system":"1900"}

{"sheet":"t449","index":0,"n_rows":187,"n_cols":7,"rows_kept":187,"merged":[[0,0,0,6],[30,0,30,5],[45,0,45,5],[153,0,153,5]]}
["TABELA 449.1 - Estatísticas Agrícolas, Município de Porto Ferreira, Estado de São Paulo, 2007/08."]
["ITEM","UNIDADE","N.DE UPAs","MÍNIMO","MÉDIO","MÁXIMO","TOTAL"]
["Distância à sede do município","km",351,{"v":1,"d":"1.0"},{"v":7.07,"d":"7.1"},{"v":20,"d":"20.0"},"-"]
["Área total","hectare",351,1.4,{"v":62.51,"d":"62.5"},{"v":896,"d":"896.0"},{"v":21942,"d":"21,942.0"}]
["Área com cultura perene","hectare",133,0.2,{"v":34.05,"d":"34.1"},385.5,{"v":4528.7,"d":"4,528.7"}]
["Área com cultura temporária","hectare",222,0.4,{"v":53.08,"d":"53.1"},735.6,{"v":11784.3,"d":"11,784.3"}]
["Área com pastagem","hectare",123,0.5,{"v":12.33,"d":"12.3"},{"v":180,"d":"180.0"},{"v":1517,"d":"1,517.0"}]
["Área com reflorestamento","hectare",16,0.3,{"v":12.86,"d":"12.9"},{"v":60,"d":"60.0"},205.8]
["Área com vegetação natural","hectare",203,0.2,{"v":14.13,"d":"14.1"},{"v":600,"d":"600.0"},{"v":2868,"d":"2,868.0"}]
["Área com vegetação de brejo e várzea","hectare",32,0.2,{"v":7.98,"d":"8.0"},{"v":153,"d":"153.0"},255.3]
["Área em descanso","hectare",3,{"v":7,"d":"7.0"},11.3,16.9,33.9]
["Área complementar","hectare",251,0.1,{"v":2.98,"d":"3.0"},55.9,{"v":749,"d":"749.0"}]
["Área das UPAs com (0, 1] ha","hectare","-","-","-","-","-"]
["Área das UPAs com (1, 2] ha","hectare",3,1.4,{"v":1.53,"d":"1.5"},1.7,4.6]
["Área das UPAs com (2, 5] ha","hectare",28,2.4,{"v":4.06,"d":"4.1"},{"v":5,"d":"5.0"},113.6]
["Área das UPAs com (5, 10] ha","hectare",47,5.3,{"v":7.82,"d":"7.8"},{"v":10,"d":"10.0"},367.6]
["Área das UPAs com (10, 20] ha","hectare",73,10.8,{"v":15.46,"d":"15.5"},{"v":20,"d":"20.0"},{"v":1128.4,"d":"1,128.4"}]
["Área das UPAs com (20, 50] ha","hectare",99,20.9,{"v":32.84,"d":"32.8"},49.7,{"v":3251.2,"d":"3,251.2"}]
["Área das UPAs com (50, 100] ha","hectare",51,50.4,{"v":72.79,"d":"72.8"},96.8,{"v":3712.1,"d":"3,712.1"}]
["Área das UPAs com (100, 200] ha","hectare",30,101.6,{"v":142.58,"d":"142.6"},{"v":188,"d":"188.0"},{"v":4277.5,"d":"4,277.5"}]
["Área das UPAs com (200, 500] ha","hectare",14,{"v":212,"d":"212.0"},{"v":336.02,"d":"336.0"},482.3,{"v":4704.3,"d":"4,704.3"}]
["Área das UPAs com (500, 1.000] ha","hectare",6,{"v":550,"d":"550.0"},{"v":730.45,"d":"730.5"},{"v":896,"d":"896.0"},{"v":4382.7,"d":"4,382.7"}]
["Área das UPAs com (1.000, 2.000] ha","hectare","-","-","-","-","-"]
["Área das UPAs com (2.000, 5.000] ha","hectare","-","-","-","-","-"]
["Área das UPAs com (5.000, 10.000] ha","hectare","-","-","-","-","-"]
["Área das UPAs acima de 10.000 ha","hectare","-","-","-","-","-"]
["Familiares do proprietário que trabalham na UPA","unidade",226,{"v":1,"d":"1.0"},{"v":1.91,"d":"1.9"},{"v":12,"d":"12.0"},{"v":431,"d":"431.0"}]
["Trabalhadores permanentes","unidade",154,{"v":1,"d":"1.0"},{"v":3.73,"d":"3.7"},{"v":100,"d":"100.0"},{"v":574,"d":"574.0"}]
["Fonte: Secretaria de Agricultura e Abastecimento, CDRS/IEA, Projeto LUPA."]
[]
["TABELA 449.2 - Explorações Animais, Município de Porto Ferreira, Estado de São Paulo, 2007/08."]
["ITEM","UNIDADE","N.DE UPAs","MÍNIMO","MÉDIO","MÁXIMO","TOTAL"]
["Apicultura","colmeias",1,{"v":15,"d":"15.0"},{"v":15,"d":"15.0"},{"v":15,"d":"15.0"},{"v":15,"d":"15.0"}]
["Avestruzes e Ema (Criadouro)","cabeças",1,{"v":10,"d":"10.0"},{"v":10,"d":"10.0"},{"v":10,"d":"10.0"},{"v":10,"d":"10.0"}]
["Avicultura de Corte","cabeças/ano",2,{"v":25000,"d":"25,000.0"},{"v":92500,"d":"92,500.0"},{"v":160000,"d":"160,000.0"},{"v":185000,"d":"185,000.0"}]
["Bovinocultura de Corte","cabeças",10,{"v":10,"d":"10.0"},66.2,{"v":260,"d":"260.0"},{"v":662,"d":"662.0"}]
["Bovinocultura Leiteira","cabeças",43,{"v":2,"d":"2.0"},{"v":29.84,"d":"29.8"},{"v":137,"d":"137.0"},{"v":1283,"d":"1,283.0"}]
["Bovinocultura Mista","cabeças",42,{"v":4,"d":"4.0"},{"v":19.95,"d":"20.0"},{"v":80,"d":"80.0"},{"v":838,"d":"838.0"}]
["Caprinocultura","cabeças",2,{"v":8,"d":"8.0"},17.5,{"v":27,"d":"27.0"},{"v":35,"d":"35.0"}]
["Equinocultura","cabeças",53,{"v":1,"d":"1.0"},{"v":6.17,"d":"6.2"},{"v":136,"d":"136.0"},{"v":327,"d":"327.0"}]
["Ovinocultura","cabeças",2,{"v":6,"d":"6.0"},{"v":8,"d":"8.0"},{"v":10,"d":"10.0"},{"v":16,"d":"16.0"}]
["Piscicultura","m² tanques",3,{"v":10000,"d":"10,000.0"},{"v":21333.33,"d":"21,333.3"},{"v":30000,"d":"30,000.0"},{"v":64000,"d":"64,000.0"}]
["Suinocultura","cabeças",9,{"v":4,"d":"4.0"},{"v":29.44,"d":"29.4"},{"v":120,"d":"120.0"},{"v":265,"d":"265.0"}]
["Fonte: Secretaria de Agricultura e Abastecimento, CDRS/IEA, Projeto LUPA."]
[]
["TABELA 449.3 -  Máquinas, Implementos e Benfeitorias, Município de Porto Ferreira, Estado de São Paulo, 2007/08."]
["ITEM","UNIDADE","N.DE UPAs","MÍNIMO","MÉDIO","MÁXIMO","TOTAL"]
["Arado Comum (Bacia, Aiveca)","Unidade",59,{"v":1,"d":"1.0"},{"v":1.32,"d":"1.3"},{"v":4,"d":"4.0"},{"v":78,"d":"78.0"}]
["Arado Subsolador","Unidade",11,{"v":1,"d":"1.0"},{"v":1.09,"d":"1.1"},{"v":2,"d":"2.0"},{"v":12,"d":"12.0"}]
["Batedeira de Cereais","Unidade",9,{"v":1,"d":"1.0"},{"v":1.11,"d":"1.1"},{"v":2,"d":"2.0"},{"v":10,"d":"10.0"}]
["Câmara Fria","Unidade",1,{"v":1,"d":"1.0"},{"v":1,"d":"1.0"},{"v":1,"d":"1.0"},{"v":1,"d":"1.0"}]
["Carregadeira de Cana","Unidade",5,{"v":1,"d":"1.0"},4.8,{"v":12,"d":"12.0"},{"v":24,"d":"24.0"}]
["Colhedeira Acoplada","Unidade",2,{"v":1,"d":"1.0"},{"v":1,"d":"1.0"},{"v":1,"d":"1.0"},{"v":2,"d":"2.0"}]
["Colhedeira Automotriz","Unidade",8,{"v":1,"d":"1.0"},{"v":3.13,"d":"3.1"},{"v":9,"d":"9.0"},{"v":25,"d":"25.0"}]
["Computador","Unidade",1,{"v":1,"d":"1.0"},{"v":1,"d":"1.0"},{"v":1,"d":"1.0"},{"v":1,"d":"1.0"}]
["Conj.Irrigação Autopropelido","Unidade",7,{"v":1,"d":"1.0"},{"v":4.57,"d":"4.6"},{"v":12,"d":"12.0"},{"v":32,"d":"32.0"}]
["Conj.Irrigação Convencional","Unidade",20,{"v":1,"d":"1.0"},{"v":1.25,"d":"1.3"},{"v":4,"d":"4.0"},{"v":25,"d":"25.0"}]
["Conj.Irrigação Pivot Central","Unidade",14,{"v":1,"d":"1.0"},{"v":1.29,"d":"1.3"},{"v":2,"d":"2.0"},{"v":18,"d":"18.0"}]
["Conj.Irrigação/Gotejamento/Microaspersão","Unidade",5,{"v":1,"d":"1.0"},1.2,{"v":2,"d":"2.0"},{"v":6,"d":"6.0"}]
["Conjunto de Fenação","Unidade",2,{"v":1,"d":"1.0"},{"v":1,"d":"1.0"},{"v":1,"d":"1.0"},{"v":2,"d":"2.0"}]
["Desintegrador de Palha (Plantio Direto)","Unidade",1,{"v":2,"d":"2.0"},{"v":2,"d":"2.0"},{"v":2,"d":"2.0"},{"v":2,"d":"2.0"}]
["Desintegrador, Picador, Triturador","Unidade",73,{"v":1,"d":"1.0"},{"v":1.38,"d":"1.4"},{"v":3,"d":"3.0"},{"v":101,"d":"101.0"}]
["Distribuidor de Calcário","Unidade",48,{"v":1,"d":"1.0"},{"v":1.65,"d":"1.7"},{"v":14,"d":"14.0"},{"v":79,"d":"79.0"}]
["Ensiladeira","Unidade",2,{"v":1,"d":"1.0"},{"v":1,"d":"1.0"},{"v":1,"d":"1.0"},{"v":2,"d":"2.0"}]
["Grade Aradora (Tipo Romi)","Unidade",36,{"v":1,"d":"1.0"},{"v":1.75,"d":"1.8"},{"v":15,"d":"15.0"},{"v":63,"d":"63.0"}]
["Grade Niveladora","Unidade",63,{"v":1,"d":"1.0"},{"v":1.27,"d":"1.3"},{"v":4,"d":"4.0"},{"v":80,"d":"80.0"}]
["Microtrator","Unidade",1,{"v":2,"d":"2.0"},{"v":2,"d":"2.0"},{"v":2,"d":"2.0"},{"v":2,"d":"2.0"}]
["Misturador de Ração","Unidade",5,{"v":1,"d":"1.0"},{"v":1,"d":"1.0"},{"v":1,"d":"1.0"},{"v":5,"d":"5.0"}]
["Ordenhadeira Mecânica","Unidade",8,{"v":1,"d":"1.0"},{"v":1.13,"d":"1.1"},{"v":2,"d":"2.0"},{"v":9,"d":"9.0"}]
["Pulverizador Tratorizado","Unidade",91,{"v":1,"d":"1.0"},{"v":2,"d":"2.0"},{"v":11,"d":"11.0"},{"v":182,"d":"182.0"}]
["Resfriador de Leite, Tanque Expansão","Unidade",7,{"v":1,"d":"1.0"},{"v":1.14,"d":"1.1"},{"v":2,"d":"2.0"},{"v":8,"d":"8.0"}]
["Semeadeira/Adubadeira para Plantio Convencional","Unidade",11,{"v":1,"d":"1.0"},{"v":1.09,"d":"1.1"},{"v":2,"d":"2.0"},{"v":12,"d":"12.0"}]
["Semeadeira/Plantadeira Plantio Direto","Unidade",19,{"v":1,"d":"1.0"},{"v":1.16,"d":"1.2"},{"v":2,"d":"2.0"},{"v":22,"d":"22.0"}]
["Terraceador","Unidade",2,{"v":1,"d":"1.0"},1.5,{"v":2,"d":"2.0"},{"v":3,"d":"3.0"}]
["Trator de Esteiras","Unidade",6,{"v":1,"d":"1.0"},{"v":2.33,"d":"2.3"},{"v":5,"d":"5.0"},{"v":14,"d":"14.0"}]
["Trator de Pneus","Unidade",134,{"v":1,"d":"1.0"},{"v":2.66,"d":"2.7"},{"v":30,"d":"30.0"},{"v":356,"d":"356.0"}]
["Açude/Represa","Unidade",97,{"v":1,"d":"1.0"},{"v":1.69,"d":"1.7"},{"v":10,"d":"10.0"},{"v":164,"d":"164.0"}]
["Almoxarifado/Oficina","Unidade",44,{"v":1,"d":"1.0"},{"v":1.05,"d":"1.1"},{"v":2,"d":"2.0"},{"v":46,"d":"46.0"}]
["Armazém para Grãos Ensacados","Sacas",1,{"v":1,"d":"1.0"},{"v":1,"d":"1.0"},{"v":1,"d":"1.0"},{"v":1,"d":"1.0"}]
["Balança para Veículos","Unidade",3,{"v":1,"d":"1.0"},{"v":1,"d":"1.0"},{"v":1,"d":"1.0"},{"v":3,"d":"3.0"}]
["Barracão para Granja/Avicultura","Unidade",10,{"v":1,"d":"1.0"},1.7,{"v":3,"d":"3.0"},{"v":17,"d":"17.0"}]
["Barracão/Galpão/Garagem","Unidade",184,{"v":1,"d":"1.0"},{"v":1.46,"d":"1.5"},{"v":6,"d":"6.0"},{"v":268,"d":"268.0"}]
["Casa de Moradia Habitada","Unidade",217,{"v":1,"d":"1.0"},{"v":1.99,"d":"2.0"},{"v":20,"d":"20.0"},{"v":432,"d":"432.0"}]
["Casa de Moradia Total","Unidade",235,{"v":1,"d":"1.0"},2.7,{"v":35,"d":"35.0"},{"v":634,"d":"634.0"}]
["Curral/Mangueira","Unidade",120,{"v":1,"d":"1.0"},{"v":1.04,"d":"1.0"},{"v":2,"d":"2.0"},{"v":125,"d":"125.0"}]
["Depósito/Tulha","Unidade",103,{"v":1,"d":"1.0"},{"v":1.15,"d":"1.2"},{"v":5,"d":"5.0"},{"v":118,"d":"118.0"}]
["Engenho","Unidade",4,{"v":1,"d":"1.0"},{"v":1,"d":"1.0"},{"v":1,"d":"1.0"},{"v":4,"d":"4.0"}]
["Estábulo","Unidade",84,{"v":1,"d":"1.0"},{"v":1.01,"d":"1.0"},{"v":2,"d":"2.0"},{"v":85,"d":"85.0"}]
["Estufa/Plasticultura","m²",3,{"v":3,"d":"3.0"},{"v":2001,"d":"2,001.0"},{"v":5500,"d":"5,500.0"},{"v":6003,"d":"6,003.0"}]
["Fábrica de Ração","Unidade",3,{"v":1,"d":"1.0"},{"v":1,"d":"1.0"},{"v":1,"d":"1.0"},{"v":3,"d":"3.0"}]
["Instalações para Equinos","Unidade",13,{"v":1,"d":"1.0"},{"v":3.62,"d":"3.6"},{"v":20,"d":"20.0"},{"v":47,"d":"47.0"}]
["Máquina de Benefício","Unidade",2,{"v":1,"d":"1.0"},{"v":1,"d":"1.0"},{"v":1,"d":"1.0"},{"v":2,"d":"2.0"}]
["Olaria","Unidade",3,{"v":1,"d":"1.0"},{"v":1.33,"d":"1.3"},{"v":2,"d":"2.0"},{"v":4,"d":"4.0"}]
["Packing House","Unidade",4,{"v":1,"d":"1.0"},{"v":1,"d":"1.0"},{"v":1,"d":"1.0"},{"v":4,"d":"4.0"}]
["Pocilga","Unidade",17,{"v":1,"d":"1.0"},{"v":1,"d":"1.0"},{"v":1,"d":"1.0"},{"v":17,"d":"17.0"}]
["Poço Semi-Artesiano","Unidade",31,{"v":1,"d":"1.0"},{"v":1.03,"d":"1.0"},{"v":2,"d":"2.0"},{"v":32,"d":"32.0"}]
["Posto Meteorológico","Unidade",1,{"v":1,"d":"1.0"},{"v":1,"d":"1.0"},{"v":1,"d":"1.0"},{"v":1,"d":"1.0"}]
["Secador de Grãos","Unidade",2,{"v":1,"d":"1.0"},1.5,{"v":2,"d":"2.0"},{"v":3,"d":"3.0"}]
["Silo para Grãos","t",1,{"v":300,"d":"300.0"},{"v":300,"d":"300.0"},{"v":300,"d":"300.0"},{"v":300,"d":"300.0"}]
["Silo para Silagem","t",4,{"v":3,"d":"3.0"},{"v":75.75,"d":"75.8"},{"v":140,"d":"140.0"},{"v":303,"d":"303.0"}]
["Terreiro","m²",10,{"v":150,"d":"150.0"},{"v":3162.5,"d":"3,162.5"},{"v":20000,"d":"20,000.0"},{"v":31625,"d":"31,625.0"}]
["Usina de Açúcar/destilaria","Unidade",1,{"v":1,"d":"1.0"},{"v":1,"d":"1.0"},{"v":1,"d":"1.0"},{"v":1,"d":"1.0"}]
["Fonte: Secretaria de Agricultura e Abastecimento, CDRS/IEA, Projeto LUPA."]
[]
["TABELA 449.4 - Outras Estatísticas Agrícolas, Município de Porto Ferreira, Estado de São Paulo, 2007/08."]
["ITEM","Número de UPAs",null,"Percentual"]
["Faz Parte de Associação de Produtores",26,null,{"v":7.407407407407407,"d":"7.4"}]
["Faz Parte de Cooperativa de Produtores",213,null,{"v":60.68376068376068,"d":"60.7"}]
["Faz Parte do Sindicato de Produtores",19,null,{"v":5.413105413105414,"d":"5.4"}]
["Não utiliza assistência técnica ",116,null,{"v":33.04843304843305,"d":"33.0"}]
["Utiliza somente assistência técnica governamental ",156,null,{"v":44.44444444444444,"d":"44.4"}]
["Utiliza somente assistência técnica privada ",57,null,{"v":16.23931623931624,"d":"16.2"}]
["Utiliza assistência técnica tanto governamental quanto privada",22,null,{"v":6.267806267806268,"d":"6.3"}]
["Utiliza Crédito Rural",64,null,{"v":18.233618233618234,"d":"18.2"}]
["Utiliza Seguro Rural",35,null,{"v":9.971509971509972,"d":"10.0"}]
["Utiliza Escrituração Agrícola",32,null,{"v":9.116809116809117,"d":"9.1"}]
["Acessa Internet p/ Fins na Agropecuária",9,null,{"v":2.564102564102564,"d":"2.6"}]
["Utiliza Computador nas Atividades Agropecuárias",16,null,{"v":4.5584045584045585,"d":"4.6"}]
["Utiliza Energia Elétrica Para Uso na Atividade Agrícola",269,null,{"v":76.63817663817663,"d":"76.6"}]
["Realiza Análise de Solo, quando necessário",277,null,{"v":78.91737891737891,"d":"78.9"}]
["Utiliza Práticas de Conservação de Solo, quando necessário",277,null,{"v":78.91737891737891,"d":"78.9"}]
["Faz Adubação Mineral, quando necessário",285,null,{"v":81.19658119658118,"d":"81.2"}]
["Faz Adubação Orgânica, quando necessário",126,null,{"v":35.8974358974359,"d":"35.9"}]
["Faz Adubação Verde, quando necessário",116,null,{"v":33.04843304843305,"d":"33.0"}]
["Utiliza Manejo Integrado de Pragas (MIP)",65,null,{"v":18.51851851851852,"d":"18.5"}]
["Utiliza Hidroponia","-",null,"-"]
["Utiliza Plasticultura",3,null,{"v":0.8547008547008548,"d":"0.9"}]
["Utiliza Mudas Fiscalizadas",68,null,{"v":19.373219373219374,"d":"19.4"}]
["Utiliza Semente Melhorada",49,null,{"v":13.960113960113958,"d":"14.0"}]
["Faz Confinamento de Bovinos",6,null,{"v":1.7094017094017095,"d":"1.7"}]
["Utiliza Pastejo Intensivo",2,null,{"v":0.5698005698005698,"d":"0.6"}]
["Faz Inseminação Artificial",2,null,{"v":0.5698005698005698,"d":"0.6"}]
["Faz Mineralização do Rebanho",72,null,{"v":20.51282051282051,"d":"20.5"}]
["Faz Vermifugação do Rebanho",72,null,{"v":20.51282051282051,"d":"20.5"}]
["Possui Parceiros /Arrendatários na Exploração Animal",7,null,{"v":1.9943019943019944,"d":"2.0"}]
["Esporte e lazer",1,null,{"v":0.2849002849002849,"d":"0.3"}]
["Extração mineral",4,null,{"v":1.1396011396011396,"d":"1.1"}]
["Hotel Fazenda, Pousada ou SPA","-",null,"-"]
["Pesque-pague",1,null,{"v":0.2849002849002849,"d":"0.3"}]
["Restaurante ou Lanchonete","-",null,"-"]
["Transformação artesanal","-",null,"-"]
["Turismo rural ou ecoturismo",1,null,{"v":0.2849002849002849,"d":"0.3"}]
["Outras atividades econômicas rurais","-",null,"-"]
["Agroindústria","-",null,"-"]
["Proprietário sem instrução ou com instrução incompleta",4,null,{"v":1.1396011396011396,"d":"1.1"}]
["Proprietário com antigo primário completo",132,null,{"v":37.60683760683761,"d":"37.6"}]
["Proprietário com 1° grau (ou antigo ginasial) completo",45,null,{"v":12.82051282051282,"d":"12.8"}]
["Proprietário com 2° grau (ou antigo colegial) completo",75,null,{"v":21.367521367521366,"d":"21.4"}]
["Proprietário com curso superior completo ",72,null,{"v":20.51282051282051,"d":"20.5"}]
["Pessoa Jurídica",23,null,{"v":6.552706552706553,"d":"6.6"}]
["Proprietário residente na própria UPA ",67,null,{"v":19.088319088319086,"d":"19.1"}]
["Fonte: Secretaria de Agricultura e Abastecimento, CDRS/IEA, Projeto LUPA."]
[]
["TABELA 449.5 - Área Cultivada, Município de Porto Ferreira, Estado de São Paulo, 2007/08."]
["CULTURA","N.DE UPAs","MÍNIMO","MÉDIO","MÁXIMO","TOTAL"]
["Cana-de-acucar",157,0.4,{"v":64.82,"d":"64.8"},735.6,{"v":10176,"d":"10,176.0"}]
["Laranja",125,0.5,{"v":35.35,"d":"35.4"},385.5,{"v":4418.4,"d":"4,418.4"}]
["Milho",67,{"v":1,"d":"1.0"},{"v":21.08,"d":"21.1"},222.9,{"v":1412.5,"d":"1,412.5"}]
["Braquiaria",99,0.5,10.8,{"v":180,"d":"180.0"},{"v":1069.6,"d":"1,069.6"}]
["Batata-inglesa (ou batata, ou batatinha)",13,8.8,{"v":41.77,"d":"41.8"},{"v":136,"d":"136.0"},{"v":543,"d":"543.0"}]
["Outras gramineas para pastagem",16,{"v":1,"d":"1.0"},{"v":13.21,"d":"13.2"},{"v":100,"d":"100.0"},211.3]
["Eucalipto",16,0.3,{"v":12.86,"d":"12.9"},{"v":60,"d":"60.0"},205.8]
["Soja",3,36.3,{"v":57.83,"d":"57.8"},70.6,173.5]
["Gramas",10,0.5,{"v":14.81,"d":"14.8"},{"v":84,"d":"84.0"},148.1]
["Sorgo",1,70.6,70.6,70.6,70.6]
["Feijao",3,{"v":8,"d":"8.0"},{"v":21.33,"d":"21.3"},{"v":44,"d":"44.0"},{"v":64,"d":"64.0"}]
["Capim-jaragua",1,{"v":60,"d":"60.0"},{"v":60,"d":"60.0"},{"v":60,"d":"60.0"},{"v":60,"d":"60.0"}]
["Limao",4,0.2,13.6,42.7,54.4]
["Cafe",4,2.5,{"v":10.25,"d":"10.3"},{"v":20,"d":"20.0"},{"v":41,"d":"41.0"}]
["Capim-napier (ou capim-elefante)",10,0.5,2.6,{"v":10,"d":"10.0"},{"v":26,"d":"26.0"}]
["Mandioca",2,2.4,4.7,{"v":7,"d":"7.0"},9.4]
["Urucum (ou urucu)",1,7.5,7.5,7.5,7.5]
["Seringueira",1,7.2,7.2,7.2,7.2]
["Sorgo-vassoura",3,{"v":1,"d":"1.0"},{"v":2.33,"d":"2.3"},{"v":4,"d":"4.0"},{"v":7,"d":"7.0"}]
["Alfafa",1,{"v":2,"d":"2.0"},{"v":2,"d":"2.0"},{"v":2,"d":"2.0"},{"v":2,"d":"2.0"}]
["Feijao-vagem (ou vagem, ou feijao-verde)",2,0.2,{"v":0.85,"d":"0.9"},1.5,1.7]
["Chuchu",1,1.5,1.5,1.5,1.5]
["Alface",2,0.3,{"v":0.65,"d":"0.7"},{"v":1,"d":"1.0"},1.3]
["Berinjela",1,{"v":1,"d":"1.0"},{"v":1,"d":"1.0"},{"v":1,"d":"1.0"},{"v":1,"d":"1.0"}]
["Pimentao",1,0.2,0.2,0.2,0.2]
["Manga",1,0.2,0.2,0.2,0.2]
["Quiabo",1,0.2,0.2,0.2,0.2]
["Chicoria (ou chicoria-de-folha-crespa)",1,0.1,0.1,0.1,0.1]
["Couve (ou couve-crespa)",1,0.1,0.1,0.1,0.1]
["Couve-flor",1,0.1,0.1,0.1,0.1]
["Brocolos (ou brocolis)",1,0.1,0.1,0.1,0.1]
["Fonte: Secretaria de Agricultura e Abastecimento, CDRS/IEA, Projeto LUPA."]